| 000 | 01565nam a2200301 a 4500 | ||
|---|---|---|---|
| 001 | 000011466 | ||
| 003 | DO-SdBNP | ||
| 005 | 20240412074226.0 | ||
| 008 | 091019s1996 dr a 000 d spa d | ||
| 040 |
_aDO-SdBNP _bspa _cBNPHU |
||
| 049 | _aBNPD | ||
| 082 | 4 |
_aRD862.44 _bR696d _222 |
|
| 100 | 1 |
_aRodríguez Fernández, Arturo, _d1948- _91675 |
|
| 245 | 1 | 0 |
_aDramas y comedias en ocho obras teatrales / _cArturo Rodríguez Fernández ; presentación Eligio Bisonó. |
| 260 |
_aSanto Domingo : _bBanco de Reservas de la República Dominicana, _c1996. |
||
| 300 |
_a371 p. : _bil. ; _c23 cm. |
||
| 490 | 1 | _aBanreservas | |
| 490 | 1 |
_aLiteratura ; _vv. 3 |
|
| 500 | _aIncluye datos biográficos del autor en las solapas. | ||
| 505 | 0 | _aPresentación / Lic. Eligio Bisonó, administrador general del Banco de Reservas de la República Dominicana -- El viaje chino. Suspense en un acto -- palmeras al viento. Comedia en un acto y dos cuadros -- Cordón umbilical. Drama en tres actos y doce cuadros -- Hoy no toca la pianista gorda. Comedia dramatica en un acto -- Parecido a Sebastian. Comedia dramatica en un acto, cinco y ocho cuadros -- Las mujeres de enfrente. Drama en un acto, cuatro cuadros y dos paréntesis -- Todos menos Elizabet. Comedia dramatica surrealista o existencial en dos actos. | |
| 590 | _aInventariado, 2023/BT | ||
| 650 | 4 |
_aTeatro dominicano _xColecciones _921852 |
|
| 650 | 0 |
_aLiteratura dominicana. _967 |
|
| 700 | 1 |
_aBisonó, Eligio _927153 |
|
| 830 | 0 |
_aBanreservas _99258 |
|
| 830 | 0 |
_aLiteratura ; _98095 _n3 |
|
| 942 |
_2ddc _cLBS1 |
||
| 999 |
_c11167 _d11167 |
||